|
|
|
|
| LEADER |
00000nam0a2200000 4500 |
| 001 |
195026 |
| 005 |
20231101224608.0 |
| 010 |
|
|
|a 9785778213371
|
| 035 |
|
|
|a (RuTPU)RU\TPU\book\212724
|
| 090 |
|
|
|a 195026
|
| 100 |
|
|
|a 20110503d2010 k y0rusy50 ca
|
| 101 |
0 |
|
|a rus
|
| 102 |
|
|
|a RU
|
| 105 |
|
|
|a a z 001zy
|
| 200 |
1 |
|
|a Институциональные барьеры в развитии нефтегазового сектора России
|e монография
|f Н. В. Бозо, Е. В. Малышева, В. В. Шмат
|g под ред. В. А. Крюкова
|
| 210 |
|
|
|a Новосибирск
|c Изд-во НГТУ
|d 2010
|
| 215 |
|
|
|a 327 с.
|c ил.
|
| 225 |
1 |
|
|a Монографии НГТУ
|
| 320 |
|
|
|a Библиогр.: с. 255-262.
|
| 320 |
|
|
|a Глоссарий: с. 284-322.
|
| 330 |
|
|
|a В работе рассматриваются препятствия, сдерживающие эффективное функционирование нефтегазового сектора. Основное внимание уделено анализу реструктуризации и вертикальной интеграции компаний, а также оценке экономических последствий изменения системы налогообложения сектора. Книга предназначена для исследователей, специалистов, преподавателей, аспирантов, студентов, а также для всех, кто интересуется проблемами нефтегазового сектора России.
|
| 606 |
1 |
|
|a Нефтегазовый комплекс
|2 stltpush
|3 (RuTPU)RU\TPU\subj\45571
|9 64765
|
| 610 |
1 |
|
|a Россия
|
| 610 |
1 |
|
|a экономика
|
| 610 |
1 |
|
|a нефтегазовый сектор
|
| 610 |
1 |
|
|a нефтяные компании
|
| 610 |
1 |
|
|a реструктуризация
|
| 610 |
1 |
|
|a вертикальная интеграция
|
| 610 |
1 |
|
|a анализ
|
| 610 |
1 |
|
|a налогообложение
|
| 610 |
1 |
|
|a реформирование
|
| 610 |
1 |
|
|a издержки
|
| 610 |
1 |
|
|a оценка
|
| 610 |
1 |
|
|a институционные барьеры
|
| 610 |
1 |
|
|a преодоление
|
| 675 |
|
|
|a 622.323
|v 3
|
| 700 |
|
1 |
|a Бозо
|b Н. В.
|g Наталья Владимировна
|
| 701 |
|
1 |
|a Малышева
|b Е. В.
|g Екатерина Валерьевна
|
| 701 |
|
1 |
|a Шмат
|b В. В.
|g Владимир Витальевич
|
| 702 |
|
1 |
|a Крюков
|b В. А.
|4 340
|
| 801 |
|
1 |
|a RU
|b 63413507
|c 20110503
|
| 801 |
|
2 |
|a RU
|b 63413507
|c 20140709
|g RCR
|
| 942 |
|
|
|c BK
|
| 959 |
|
|
|a 44/20110427
|d 1
|e 740,00
|f ЧЗГЛ:1
|